| 000 | 00656nam a2200193 a 4500 | ||
|---|---|---|---|
| 001 | 1385 | ||
| 003 | CDMR | ||
| 005 | 20151019134801.0 | ||
| 008 | 130130s2013||||sp |||||||||||||||||cat|d | ||
| 020 | _a9788461637775 | ||
| 040 |
_aCDMR _bcat _cCPC LLEIDA |
||
| 100 | 1 |
_93222 _aSastre i Juan, Ramon _d1896-1988 |
|
| 245 | 1 |
_aGNOM _b: crònica d'uns moments viscuts, 1937-1938 _cRamon Sastre i Juan ; recopilació dels texts, Teresa Sastre Domènech |
|
| 260 |
_aBarcelona _b[s. n.] _c2013 |
||
| 300 | _a221 p. | ||
| 600 | 1 |
_93222 _aSastre i Juan, Ramon _d1896-1988 _vRecull d'escrits |
|
| 650 | 0 | 4 |
_93196 _aEspanya _xHistòria _y1936-1939, Guerra Civil |
| 942 |
_cMON _2udc |
||
| 999 |
_c1385 _d1385 |
||